Transformative constitution : a radical biography in nine acts (Record no. 1416)

MARC details
000 -LEADER
fixed length control field 00409nam a2200157Ia 4500
003 - CONTROL NUMBER IDENTIFIER
control field OSt
005 - DATE AND TIME OF LATEST TRANSACTION
control field 20231109131838.0
008 - FIXED-LENGTH DATA ELEMENTS--GENERAL INFORMATION
fixed length control field 230331s9999 xx 000 0 und d
020 ## - INTERNATIONAL STANDARD BOOK NUMBER
International Standard Book Number 9789353576646
082 ## - DEWEY DECIMAL CLASSIFICATION NUMBER
Classification number 342.005
Item number BHAT
100 ## - MAIN ENTRY--PERSONAL NAME
Personal name BHATIA, Gautam
245 #0 - TITLE STATEMENT
Title Transformative constitution : a radical biography in nine acts
260 ## - PUBLICATION, DISTRIBUTION, ETC.
Place of publication, distribution, etc. Noida
Name of publisher, distributor, etc. Harper Collins
Date of publication, distribution, etc. 2021
300 ## - PHYSICAL DESCRIPTION
Extent 500
942 ## - ADDED ENTRY ELEMENTS (KOHA)
Koha item type Book
Source of classification or shelving scheme Dewey Decimal Classification
Holdings
Withdrawn status Lost status Source of classification or shelving scheme Damaged status Not for loan Collection code Home library Current library Shelving location Date acquired Cost, normal purchase price Inventory number Total Checkouts Total Renewals Full call number Barcode Date last seen Date last checked out Price effective from Koha item type Public note
    Dewey Decimal Classification     Non-fiction RIC Library RIC Library General Stacks 03/31/2023 599.00 243/27.3.23 1 1 342.005 BHAT 000816 02/24/2025 01/23/2025 03/31/2023 Book R-7.6

Venue

Rajasthan International Centre
Sansthan Path,JLN Marg, Jaipur- 302017
Phone: +91-7230904025